000 00679nam a22001337a 4500
008 090727t xxu||||| |||| 00| 0 eng d
082 _a214.327
_bا ت ل
245 _a:الاسلام والعلاقات الدولية
_b/فى السلم والحرب. دراسة مقارنة
_cخديجة احمد ابو اتله
260 _a:القاهرة
_b،دار المعارف
_c1983
300 _a236 ؛ ص
_c23 سم
650 _98142
_aالإسلام والعلاقات الخارجية
942 _2ddc
_cBB
999 _c12425
_d12425